Geografía de la república argentina(quarleri) /
Guardado en:
| Autor Principal: | |
|---|---|
| Formato: | Libro |
| Publicado: |
Buenos Aires :
Kapelusz,
1985
|
| Etiquetas: |
Agregar Etiqueta
Sin Etiquetas, Sea el primero en etiquetar este registro!
|
| LEADER | 01174nam a22002655a 4500 | ||
|---|---|---|---|
| 001 | CEM.cems008736 | ||
| 005 | 20060214000000.0 | ||
| 008 | 130507s1985##################000#0#####d | ||
| 003 | CEMS | ||
| 082 | 0 | 4 | |a Z918.2 |
| 100 | 1 | |a Quarleri, Paulina | |
| 245 | 1 | 0 | |a Geografía de la república argentina(quarleri) / |
| 260 | |a Buenos Aires : |b Kapelusz, |c 1985 | ||
| 300 | |a 219 p.1 | ||
| 859 | |a CEMS |b BIB. CEMS - 11 de abril |h Z918.2 |i Q27 |p 13696.85 |t Ej.1 | ||
| 859 | |a CEMS |b BIB. CEMS - 11 de abril |h Z918.2 |i Q27 |p 14264.86 |t Ej.2 | ||
| 859 | |a CEMS |b BIB. CEMS - 11 de abril |h Z918.2 |i Q27 |p 14513.87 |t Ej.3 | ||
| 859 | |a CEMS |b BIB. CEMS - 11 de abril |h Z918.2 |i Q27 |p 14514.87 |t Ej.4 | ||
| 859 | |a CEMS |b BIB. CEMS - 11 de abril |h Z918.2 |i Q27 |p 14516.87 |t Ej.6 | ||
| 859 | |a CEMS |b BIB. CEMS - 11 de abril |h Z918.2 |i Q27 |p 14517.87 |t Ej.7 | ||
| 859 | |a CEMS |b BIB. CEMS - 11 de abril |h Z918.2 |i Q27 |p 14518.87 |t Ej.8 | ||
| 859 | |a CEMS |b BIB. CEMS - 11 de abril |h Z918.2 |i Q27 |p 14519.87 |t Ej.9 | ||
| 859 | |a CEMS |b BIB. CEMS - 11 de abril |h Z918.2 |i Q27 |p 14520.87 |t Ej.10 | ||
| 859 | |a CEMS |b BIB. CEMS - 11 de abril |h Z918.2 |i Q27 |p 14521.87 |t Ej.11 | ||
| 859 | |a CEMS |b BIB. CEMS - 11 de abril |h Z918.2 |i Q27 |p 14522.87 |t Ej.5 | ||
